000 00599nam a2200229Ia 4500
003 OSt
005 20220926044719.0
006 a|||||r|||| 00| 0
007 ta
008 220923b |||||||| |||| 00| 0 eng d
037 _cGeneral Book
040 _aRTL
_cRTL
_beng
041 _2eng
_aeng
082 _aV231.L5, K5
100 _aFurber Holden
245 0 _aBombay presidency in the mid-eighteenth century
260 _c1965
490 _aHeras Memorial Lectures, 1962
650 _aHistory
942 _hV231.L5, K5
_cGB
_2CC
999 _c675606
_d675606